000 nam a22 7a 4500
999 _c29717
_d29717
008 180524b xxu||||| |||| 00| 0 eng d
050 _aF 158.8 .G54 1953
100 _aGlenfield.
245 _aWalves and water fittings /
_cKennedy and Glenfield.
260 _aKilmanock :
_bGlenfield & Kennedy Limited.
_c1953.
300 _aviii, Various paging.
_bill. ;
_c17cm.
500 _aInclude index.
650 _aWater works.
700 _aKennedy.
942 _2lcc
_cBOOKS
_hF 158.8 .G54 1953